Law & ethics for medical careers / (Record no. 2683)
[ view plain ]
| 000 -LEADER | |
|---|---|
| fixed length control field | 01300pam a2200337 a 4500 |
| 001 - CONTROL NUMBER | |
| control field | 4507262 |
| 005 - DATE AND TIME OF LATEST TRANSACTION | |
| control field | 20250118155548.0 |
| 008 - FIXED-LENGTH DATA ELEMENTS--GENERAL INFORMATION | |
| fixed length control field | 980707s1999 nyu b 001 0 eng c |
| 020 ## - INTERNATIONAL STANDARD BOOK NUMBER | |
| International Standard Book Number | 9780028047553 |
| 050 00 - LIBRARY OF CONGRESS CALL NUMBER | |
| Classification number | R725.5 |
| Item number | .J83 1999 |
| 082 00 - DEWEY DECIMAL CLASSIFICATION NUMBER | |
| Classification number | 174/.2 |
| Edition information | 21 |
| 100 1# - MAIN ENTRY--PERSONAL NAME | |
| Personal name | Judson, Karen, |
| Dates associated with a name | 1941- |
| 245 10 - TITLE STATEMENT | |
| Title | Law & ethics for medical careers / |
| Statement of responsibility, etc. | Karen Judson, Sharon Hicks. |
| 250 ## - EDITION STATEMENT | |
| Edition statement | 2nd ed. |
| 260 ## - PUBLICATION, DISTRIBUTION, ETC. | |
| Place of publication, distribution, etc. | New York, N.Y. : |
| Name of publisher, distributor, etc. | Glencoe McGraw-Hill |
| Date of publication, distribution, etc. | c1999. |
| 300 ## - PHYSICAL DESCRIPTION | |
| Extent | x, 262 p. ; |
| Dimensions | 28 cm. |
| 500 ## - GENERAL NOTE | |
| General note | Rev. ed. of: Law and ethics for health occupations. c1994. |
| 500 ## - GENERAL NOTE | |
| General note | Includes index. |
| 650 #0 - SUBJECT ADDED ENTRY--TOPICAL TERM | |
| Topical term or geographic name entry element | Medical ethics. |
| 650 #0 - SUBJECT ADDED ENTRY--TOPICAL TERM | |
| Topical term or geographic name entry element | Medical jurisprudence. |
| 650 #0 - SUBJECT ADDED ENTRY--TOPICAL TERM | |
| Topical term or geographic name entry element | Medical assistants |
| General subdivision | Professional ethics. |
| 650 #0 - SUBJECT ADDED ENTRY--TOPICAL TERM | |
| Topical term or geographic name entry element | Medical assistants |
| General subdivision | Legal status, laws, etc. |
| 650 12 - SUBJECT ADDED ENTRY--TOPICAL TERM | |
| Topical term or geographic name entry element | Allied Health Personnel |
| Form subdivision | programmed instruction. |
| 650 22 - SUBJECT ADDED ENTRY--TOPICAL TERM | |
| Topical term or geographic name entry element | Ethics, Medical |
| Form subdivision | programmed instruction. |
| 650 22 - SUBJECT ADDED ENTRY--TOPICAL TERM | |
| Topical term or geographic name entry element | Legislation, Medical |
| Form subdivision | programmed instruction. |
| 700 1# - ADDED ENTRY--PERSONAL NAME | |
| Personal name | Hicks, Sharon, |
| Dates associated with a name | 1953- |
| 700 1# - ADDED ENTRY--PERSONAL NAME | |
| Personal name | Judson, Karen, |
| Dates associated with a name | 1941- |
| Title of a work | Law and ethics for health occupations. |
| 856 42 - ELECTRONIC LOCATION AND ACCESS | |
| Materials specified | Publisher description |
| Uniform Resource Identifier | <a href="http://www.loc.gov/catdir/description/mh031/98029423.html">http://www.loc.gov/catdir/description/mh031/98029423.html</a> |
| 856 41 - ELECTRONIC LOCATION AND ACCESS | |
| Materials specified | Table of contents |
| Uniform Resource Identifier | <a href="http://www.loc.gov/catdir/toc/mh031/98029423.html">http://www.loc.gov/catdir/toc/mh031/98029423.html</a> |
| 942 ## - ADDED ENTRY ELEMENTS (KOHA) | |
| Source of classification or shelving scheme | Library of Congress Classification |
| Koha item type | Books |
| Edition | 2nd ed. |
| Suppress in OPAC | No |
| 999 ## - | |
| -- | 2683 |
| -- | 2683 |
| Withdrawn status | Lost status | Source of classification or shelving scheme | Damaged status | Not for loan | Collection | Home library | Current library | Shelving location | Date acquired | Total checkouts | Full call number | Barcode | Date last seen | Copy number | Price effective from | Koha item type |
|---|---|---|---|---|---|---|---|---|---|---|---|---|---|---|---|---|
| Library of Congress Classification | Non-fiction | Science Library (Miotso) | Science Library (Miotso) | General stacks | 01/18/2025 | R725.5 .J83 JUD | SLM00002042 | 01/18/2025 | 1 | 01/18/2025 | Books | |||||
| Library of Congress Classification | Non-fiction | Science Library (Miotso) | Science Library (Miotso) | General stacks | 01/18/2025 | R725.5 .J83 JUD | SLM00002043 | 01/18/2025 | 2 | 01/18/2025 | Books | |||||
| Library of Congress Classification | Non-fiction | Science Library (Miotso) | Science Library (Miotso) | General stacks | 01/18/2025 | R725.5 .J83 JUD | SLM00002044 | 01/18/2025 | 3 | 01/18/2025 | Books | |||||
| Library of Congress Classification | Non-fiction | Science Library (Miotso) | Science Library (Miotso) | General stacks | 01/18/2025 | R725.5 .J83 JUD | SLM00002045 | 01/18/2025 | 4 | 01/18/2025 | Books | |||||
| Library of Congress Classification | Non-fiction | Science Library (Miotso) | Science Library (Miotso) | General stacks | 01/18/2025 | R725.5 .J83 JUD | SLM00002046 | 01/18/2025 | 5 | 01/18/2025 | Books | |||||
| Library of Congress Classification | Non-fiction | Science Library (Miotso) | Science Library (Miotso) | General stacks | 01/18/2025 | R725.5 .J83 JUD | SLM00002047 | 01/18/2025 | 6 | 01/18/2025 | Books | |||||
| Library of Congress Classification | Non-fiction | Science Library (Miotso) | Science Library (Miotso) | General stacks | 01/18/2025 | R725.5 .J83 JUD | SLM00002048 | 01/18/2025 | 7 | 01/18/2025 | Books | |||||
| Library of Congress Classification | Non-fiction | Science Library (Miotso) | Science Library (Miotso) | General stacks | 01/18/2025 | R725.5 .J83 JUD | SLM00002049 | 01/18/2025 | 8 | 01/18/2025 | Books | |||||
| Library of Congress Classification | Non-fiction | Science Library (Miotso) | Science Library (Miotso) | General stacks | 01/18/2025 | R725.5 .J83 JUD | SLM00002050 | 01/18/2025 | 9 | 01/18/2025 | Books | |||||
| Library of Congress Classification | Non-fiction | Science Library (Miotso) | Science Library (Miotso) | General stacks | 01/18/2025 | R725.5 .J83 JUD | SLM00002051 | 01/18/2025 | 10 | 01/18/2025 | Books | |||||
| Library of Congress Classification | Non-fiction | Science Library (Miotso) | Science Library (Miotso) | General stacks | 01/18/2025 | R725.5 .J83 JUD | SLM00002052 | 01/18/2025 | 11 | 01/18/2025 | Books |